000 01341pam a2200349 a 4500
001 5400
003 BD-RjUL
005 20211208234047.0
008 131226s1986 cou b 001 0 eng
020 _a0813371619 (pbk. : alk. paper) :
035 _a(BD-RjUL)5436
040 _aDLC
_cDLC
_dDLC
_dBD-RjUL
_beng
041 _aeng
082 0 0 _a338.1947
_219
_bDEF 1986
100 1 _aDeutsch, Robert.
_916965
245 1 4 _aThe food revolution in the Soviet Union and Eastern Europe /
_cRobert Deutsch.
260 _aBoulder :
_bWestview Press,
_cc1986.
300 _axxii, 256 p. ;
_c23 cm.
504 _aBibliography: p. 149-241 and indexes.
610 2 0 _aCouncil for Mutual Economic Assistance.
_916980
650 0 _aFood supply
_zSoviet Union.
_916968
650 0 _aProduce trade
_zSoviet Union.
_916969
650 0 _aAgriculture and state
_zSoviet Union.
_916970
650 0 _aFood supply
_zEurope, Eastern.
_916971
650 0 _aProduce trade
_zEurope, Eastern.
_916972
650 0 _aAgriculture and state
_zEurope, Eastern.
_916973
856 _uhttp://www.worldcat.org/title/food-revolution-in-the-soviet-union-and-eastern-europe/oclc/12945910&referer=brief_results
942 _2ddc
_cBK
999 _c5400
_d5400